000 00938nam a2200277 a 4500
001 57636
003 BD-RjUL
005 20211209080534.0
008 161211s1989 ne a b 001 0 eng
020 _a0792302516 (alk. paper)
035 _a(BD-RjUL)57760
040 _aDLC
_cDLC
_dDLC
_beng
041 _aeng
082 0 0 _a501
_223
_bCON 1989
245 0 1 _aConstructivism and science :
_bessays in recent German philosophy /
_cedited by Robert E. Butts and James Robert Brown.
260 _aDordrecht ;
_aBoston :
_bKluwer Academic Publishers,
_c1989.
300 _axxv, 287 p. :
_bill. ;
_c24 cm.
504 _aIncludes bibliographies and index.
650 0 _aConstructivism (Philosophy)
_9171151
650 0 _aScience
_xPhilosophy.
_9171152
650 0 _aPhilosophy, German
_y20th century.
_9171153
700 1 _aButts, Robert E.
_9171154
700 1 _aBrown, James Robert.
_9171155
942 _2ddc
_cBK
999 _c57636
_d57636